1554 1632 1633 1346 1676 1352 1079 1348 1980 1322 1353 1931 1122 1423 1356 1796 1761 1317 1206 1183 1176 1769 1761 1688 1459 1975 1913 1632 1711 1705 1298 1977 1928 1452 1958 1016 1172 1390 1902 1674 1087 1173 1553 1035 1860 1330 1240 1216 1600 1301 1304 1691 1103 1409 1157 1366 1731 1244 1343 1548 1019 1360 1184 1428 1245 1340 1047 1025 1111 1157 1518 1513 1061 1533 1037 1608 1959 1317 1545 1927 1475 1339 1298 1674 1799 1678 1354 1566 1948 1822 1180 1041 1398 1281 1104 1733 1475 1101 1435 BCNSPRNW ULIB Ver.6.0+V

เปลี่ยนเป็นภาษาไทย

Change to English
 แสดงรายละเอียดบรรณานุกรม
  กลับหน้าหลัก

Brief Record : Get Marc (ISO 2709) : E-mail record : QR code < ปิดหน้าต่าง
LEADER : 00000nam 2200000uu 4500
001    13399107849
003     ULIB
008    110206s2553||||th 000 0 tha d
020    9789741113217
060 04 WS410^bส661ต 2553
100 0  สายฝน ชวาลไพบูลย์
245 10 ตำราคลอดก่อนกำหนด =^bPreterm labour /^cสายฝน ชลาวไพบูลย์
246 30 คลอดก่อนกำหนด
246 31 Preterm labour
250    พิมพ์ครั้งที่ 1
260    กรุงเทพฯ :^bหน่วยเวชศาสตร์มารดาและทารกในครรภ์ภาควิชาสูติศาสตร์-นรีเวชวิทยา คณะแพทยศาสตร์ศิริราชพยาบาล มหาวิทยาลัยมหิดล,^c2553
300    xxv, 465 หน้า :^bภาพประกอบ ;^c27 ซม.
650  7 การคลอดก่อนกำหนด
650  7 ทารกคลอดก่อนกำหนด
653    ผลงานอาจารย์คณะแพทยศาสตร์ศิริราชพยาบาล
710 2  มหาวิทยาลัยมหิดล. ^bคณะแพทยศาสตร์ศิริราชพยาบาล.^bภาควิชาสูติศาสตร์-นรีเวชวิทยา. ^bหน่วยเวชศาสตร์มารดาและทารกในครรภ์
945    ^p700^l0^i17875
945    ^p700^l0^i17874
945    ^p700^l0^i17876
995    เกษร
999 ^a ใช้งานได้ทุกระบบ
รายการนี้ยังไม่มีแท็ก
คุณยังไม่ได้ล็อกอิน คุณสามารถมีกิจกรรมร่วมกับเว็บไซต์ได้ แต่ต้องล็อกอินก่อน ::
  ล็อกอิน

รายการสื่อสารสนเทศ

ลำดับที่ ประเภท เลขเรียก/บาร์โค้ด สถานที่ สถานะ
1. วิทยาศาสตร์การแพทย์ และสุขภาพ
วิทยาศาสตร์การแพทย์ และสุขภาพ
WS410 ส661ต 2553  
  Barcode: 17875
ห้องสมุดวิทยาเขตนครสวรรค์
►ส่วนจัดเก็บหนังสือเก่า นว.
บนชั้น
  ขอยืม
2. วิทยาศาสตร์การแพทย์ และสุขภาพ
วิทยาศาสตร์การแพทย์ และสุขภาพ
WS410 ส661ต 2553 ฉ.2 
  Barcode: 17874
ห้องสมุดวิทยาเขตนครสวรรค์
►ส่วนจัดเก็บหนังสือเก่า นว.
บนชั้น
  ขอยืม
3. วิทยาศาสตร์การแพทย์ และสุขภาพ
วิทยาศาสตร์การแพทย์ และสุขภาพ
WS410 ส661ต 2553 ฉ.3 
  Barcode: 17876
ห้องสมุดวิทยาเขตนครสวรรค์
►ส่วนจัดเก็บหนังสือเก่า นว.
บนชั้น
  ขอยืม

รายการใกล้เคียง
    ผู้แต่ง [สายฝน ชวาลไพบูลย์]

    หัวเรื่อง [การคลอดก่อนกำหนด]
    หัวเรื่อง [ทารกคลอดก่อนกำหนด]

BibComment


ยังไม่เคยถูกคอมเมนท์

คอมเมนท์ทรัพยากรรายการนี้
  คอมเมนท์: ตำราคลอดก่อนกำหนด..


 Copyright 2026. Bcnsprnw @Library